LEADER 01060nam a2200217 i 4500 001 000000191760 003 CaOOAMICUS 005 20161206000000.0 008 161206s1895 it u000 u fre u 013 $a170332 040 $aSeMil$bita 100 1 $aBrants, Victor.$0(OLS)http://semarc/name/69996 245 12$aL'économie politique au Moyen-Age :$besquisse des théories économiques professées par les écrivains des 13. et 14. siècles /$cpar Victor Brants. 260 $aLouvain :$bCharles Peeters,$c1895. 300 $aVI, 279 p. ;$c21 cm. 650 4$aEconomia - Teorie.$0(OLS)http://semarc/subject/880 650 4$aEconomia politica - Medioevo.$0(OLS)http://semarc/subject/36110 850 $aSeMil 852 $aSeMil$W1$xVenegono$y1$m3N II 48 FA$j142368$B142368$CSeMilBibl$Z2$F214934 $8I 996 $6245$aL'économie politique au Moyen-Age :$besquisse des théories économiques professées par les écrivains des 13. et 14. siècles$9(OLS)http://semarc/title/276287 996 $6260$aLouvain :$bCharles Peeters$9(OLS)http://semarc/publisher/50344 LEADER 01011nam a2200241 i 4500 001 000000193072 003 CaOOAMICUS 005 20101011000000.0 008 101011s1980 it u000 u ita u 013 $a171711 040 $aSeMil$bita 100 1 $aSticco, Maria,$d<1891-1981>.$0(OLS)http://semarc/name/16161 245 10$aSan Bernardino da Siena :$bpensiero e poesia /$cMaria Sticco. 260 $aMilano :$bO.R.,$cstampa 1980. 300 $a134 p. ;$c20 cm. 490 0 $aCollana francescana. Nuova serie ;$v8 500 $aContiene : Nota bibliografica. 600 04$aBernardino : da Siena .$0(OLS)http://semarc/subject/481 830 0$aCollana francescana. Nuova serie ;$v8.$0(OLS)http://semarc/title/11022 850 $aSeMil 852 $aSeMil$W1$xVenegono$y1$m3J II 163/A$j241344$B143646$CSeMilBibl$Z2$F155198 $81 996 $6245$aSan Bernardino da Siena :$bpensiero e poesia$9(OLS)http://semarc/title/172538 996 $6260$aMilano :$bO.R.$9(OLS)http://semarc/publisher/29789